Top North/South American Languages on the Map - Statistics

General Stats
  • This quiz has been taken 1,460 times
  • The average score is 11 of 30
Answers on the Map
Answers color-coded by a green-red scale on the quiz's map according to % correct below.
 
Answer Stats
Speakers Language % Correct
248 mil English
99%
288 mil Spanish
98%
8.1 mil French
96%
206 mil Portuguese
95%
9.6 mil Haitian Creole
80%
345 k Dutch
78%
169 k Navajo
72%
10 mil Quechua
69%
851 k Yucatec Maya
57%
4.8 mil Guaraní
55%
57 k Greenlandic
51%
1.7 mil Nahuatl
51%
1.6 mil Aymara
49%
96 k Cree
34%
260 k Mapuche
21%
90 k Ojibwe
20%
412 k Papiamento
14%
500 k Mixtec
13%
2.3 mil Kʼicheʼ
10%
304 k Otomi
5%
124 k Purépecha
5%
800 k Qʼeqchiʼ
5%
404 k Tzotzil
5%
241 k Chʼol
4%
161 k Huasteco
3%
450 k Kaqchikel
3%
445 k Tzeltal
3%
140 k Mazahua
2%
70 k Tamahumara
2%
127 k Tlapaneco
2%
No matching quizzes found
Score Distribution
Percent of People with Each Score
Percentile by Number Answered
Your Score History
You have not taken this quiz